000 00266nam a22001217a 4500
008 181224b xxu||||| |||| 00| 0 eng d
041 _aeng
080 _28 th
_a710
100 _a44
101 _aART
245 _aPotrait In America
_cOates.S.B
942 _2udc
_cBK
999 _c53721
_d53721